The organization and administration of physical education. / (Record no. 6560)
[ view plain ]
| 000 -LEADER | |
|---|---|
| fixed length control field | 00890nam a22001577a 4500 |
| 008 - FIXED-LENGTH DATA ELEMENTS--GENERAL INFORMATION | |
| fixed length control field | 180416b xxu||||| |||| 00| 0 eng d |
| 050 ## - LIBRARY OF CONGRESS CALL NUMBER | |
| Classification number | GV361. V6 |
| 100 ## - MAIN ENTRY--PERSONAL NAME | |
| Personal name | Voltmer, Edward F. |
| 245 ## - TITLE STATEMENT | |
| Title | The organization and administration of physical education. / |
| 250 ## - EDITION STATEMENT | |
| Edition statement | 3rd ed. |
| 260 ## - PUBLICATION, DISTRIBUTION, ETC. | |
| Place of publication, distribution, etc. | New York : |
| Name of publisher, distributor, etc. | Appleton-Century-Crofts, Inc., |
| Date of publication, distribution, etc. | 1958. |
| 300 ## - PHYSICAL DESCRIPTION | |
| Extent | xiii, 558 p. : |
| Dimensions | ill. ; |
| Other physical details | 22 cm. |
| 500 ## - GENERAL NOTE | |
| General note | Includes appendix and index. |
| 505 ## - FORMATTED CONTENTS NOTE | |
| Formatted contents note | Contents: The place of physical education in education -- Aims and objectives of physical education - Administrative policies and activities -- The physical education service program -- The physical education staff -- School health education -- The physical education plant -- Interschool athletics -- Intramural athletics -- Students leaders in physical education --Physical class details -- Budget making and finance. |
| 942 ## - ADDED ENTRY ELEMENTS (KOHA) | |
| Source of classification or shelving scheme | Library of Congress Classification |
| Koha item type | Books |
| Withdrawn status | Lost status | Source of classification or shelving scheme | Damaged status | Not for loan | Home library | Current library | Shelving location | Date acquired | Total Checkouts | Full call number | Barcode | Date last seen | Copy number | Price effective from | Koha item type |
|---|---|---|---|---|---|---|---|---|---|---|---|---|---|---|---|
| Library of Congress Classification | WISCONSIN INTERNATIONAL UNIVERSITY COLLEGE, GHANA - MAIN LIBRARY | WISCONSIN INTERNATIONAL UNIVERSITY COLLEGE, GHANA - MAIN LIBRARY | General Stacks | 16/04/2018 | GV361. V6 | 8185/003/18 | 16/04/2018 | 1 | 16/04/2018 | Books |
